El Caso Vásquez Lapeyere: confidencial (En torno a las elecciones de 1939)
Tallennettuna:
| Päätekijä: | |
|---|---|
| Aineistotyyppi: | Teksti |
| Julkaistu: |
Lima:
P.U.C. Departamento de Ciencias Sociales
|
| Tagit: |
Lisää tagi
Ei tageja, Lisää ensimmäinen tagi!
|
MARC
| LEADER | 00000 a a2200000 04500 | ||
|---|---|---|---|
| 001 | 16331 | ||
| 003 | |||
| 040 | |||
| 090 | |a 013100 | ||
| 100 | |a Pareja, Piedad | ||
| 245 | |a El Caso Vásquez Lapeyere: confidencial (En torno a las elecciones de 1939) | ||
| 260 | |a Lima: |b P.U.C. Departamento de Ciencias Sociales | ||
| 300 | |a 48 p. | ||
| 999 | |c 13918 |d 13918 | ||
